| Tag |
First Indicator |
Second Indicator |
Subfields |
| LEADER |
00000cim a2200000Ia 4500 |
| 001 |
in00002425351 |
| 005 |
20151109135402.0 |
| 007 |
sd fungnn|||uu |
| 008 |
080828s2008 nyunnn h eng d |
| 020 |
|
|
|a 9780061458989
|
| 020 |
|
|
|a 0061458988
|
| 028 |
0 |
2 |
|a CD 5658
|b Harper Audio
|
| 029 |
1 |
|
|a NZ1
|b 12438829
|
| 035 |
|
|
|a (OCoLC)ocn244573941
|
| 035 |
|
|
|a (OCoLC)244573941
|
| 040 |
|
|
|a IMF
|c IMF
|d UtOrBLW
|
| 049 |
|
|
|a TXAM
|
| 090 |
|
|
|a DS557.7
|b .M64 2008b
|
| 092 |
|
|
|a CD 959.70434
|b M78W
|
| 100 |
1 |
|
|a Moore, Harold G.
|
| 245 |
1 |
0 |
|a We are soldiers still :
|b [a journey back to the battlefields of Vietnam] /
|c Harold G. Moore and Joseph L. Galloway ; [with an introduction by Gen. H. Norman Schwarzkopf].
|
| 264 |
|
1 |
|a New York :
|b Harper Audio,
|c c[2008]
|
| 264 |
|
4 |
|c ℗2008
|
| 300 |
|
|
|a 6 sound discs (6 hr., 45 min.) :
|b digital ;
|c 4 3/4 in.
|
| 336 |
|
|
|a spoken word
|b spw
|2 rdacontent
|
| 337 |
|
|
|a audio
|b s
|2 rdamedia
|
| 338 |
|
|
|a audio disc
|b sd
|2 rdacarrier
|
| 500 |
|
|
|a Subtitle from container.
|
| 511 |
0 |
|
|a Read by Joseph L. Galloway.
|
| 500 |
|
|
|a Unabridged.
|
| 500 |
|
|
|a Compact discs.
|
| 520 |
|
|
|a To honor fallen comrades, a journalist and a soldier return to Vietnam battlefields more than 30 years later.
|
| 500 |
|
|
|a Sound recording.
|
| 650 |
|
0 |
|a Moore, Harold G.,
|d 1922-
|x Travel
|z Vietnam.
|
| 650 |
|
0 |
|a Galloway, Joseph L.
|x Travel
|z Vietnam.
|
| 650 |
|
0 |
|a Vietnam War, 1961-1975
|x Battlefields.
|
| 650 |
|
0 |
|a Ia Drang Valley, Battle of, Vietnam, 1965.
|
| 651 |
|
0 |
|a Vietnam
|x Description and travel.
|
| 655 |
|
7 |
|a Audiobooks.
|2 lcgft
|
| 700 |
1 |
|
|a Galloway, Joseph L.
|
| 710 |
2 |
|
|a Harper Audio (Firm)
|
| 948 |
|
|
|a cataloged
|b h
|c 2008/10/28
|d c
|e ceaton
|f 1:57:38 pm
|
| 994 |
|
|
|a C0
|b TXA
|
| 999 |
|
|
|a MARS
|
| 999 |
f |
f |
|s cd4fdb2d-2d01-30b1-a81b-bcc07fbffcf0
|i 208c0c57-1e35-3583-8efd-81eb3943e27e
|t 0
|
| 952 |
f |
f |
|p normal
|a Texas A&M University
|b College Station
|c Sterling C. Evans Library
|d Evans: Library Stacks
|t 0
|e DS557.7 .M64 2008b
|h Library of Congress classification
|i audio -- audio disc
|m A14837366387
|
| 998 |
f |
f |
|a DS557.7 .M64 2008b
|t 0
|l Evans: Library Stacks
|